000 00825nam a2200241 a 4500
001 BRCA_4730
005 20190320204800.0
008 071010s1920----u--a######---#000-0#eng-#
041 _aeng
044 _au
050 4 _aNK2808
_b.L48 1920
100 1 _aLewis, G. Griffin
_911989
245 1 0 _aThe Practical Book of Oriental Rugs
_cby G. Griffin Lewis.
260 _aFiladelfia
_bJ. B. Lippincott
_c1920
300 _a375 p.
_bil. (algunas a color), 1 mapa plegable
_c23 cm.
500 _aIncluye índice de ilustraciones, índice analítico y glosario
500 _aNueva quinta edición con 32 ilustraciones en color de 92 en blanco y negro, 70 diseños en línea, gráfico y mapas
500 _aD71
504 _aBibliografía: p. 359-362
650 1 4 _aTapetes orientales
_97601
902 _aGFM
942 _2lcc
_cB
999 _c4428
_d4428